000
00266nam a2200109 a 4500
005
20140513081056.0
008
070202s19uu xx 00 eng d
050
_a
P
_b
FOR 2006
245
_a
Force and motion.
260
_b
Mabuhay Educational,
_c
2006.
999
_c
116516
_d
116516